Cities in the NYC Metro Area by Population - Statistics

General Stats
  • This quiz has been taken 444 times
    377 since last reset
  • The average score is 7 of 23
Answer Stats
% Correct
New York Multiple 8,175,133 New York City
97%
New Jersey Essex 277,140 Newark
84%
New Jersey Hudson 247,597 Jersey City
78%
New York Westchester 195,976 Yonkers
74%
New Jersey Union 128,640 Elizabeth
45%
New York Westchester 56,853 White Plains
44%
New York Westchester 77,062 New Rochelle
41%
New Jersey Passaic 146,199 Paterson
38%
New York Nassau 759,757 Hempstead
33%
New Jersey Middlesex 99,967 Edison
22%
New York Westchester 67,292 Mount Vernon
22%
New Jersey Union 56,642 Union
20%
New York Suffolk 335,543 Islip
16%
New Jersey Passaic 72,500 Passaic
14%
New York Suffolk 203,264 Huntington
13%
New York Nassau 293,214 Oyster Bay
13%
New Jersey Middlesex 99,265 Woodbridge Township
10%
New York Suffolk 486,040 Brookhaven
8%
New York Nassau 226,322 North Hempstead
8%
New York Suffolk 213,603 Babylon
7%
New York Suffolk 117,801 Smithtown
7%
New York Rockland 126,595 Ramapo
3%
New Jersey Passaic 54,717 Wayne
2%
No matching quizzes found
Score Distribution
Percent of People with Each Score
Percentile by Number Answered
Your Score History
You have not taken this quiz since the last reset